Catálogo
 En Linea

La estadística de los servicios bibliotecarios. (Registro nro. 36648)

Detalles MARC
000 -CABECERA
campo de control de longitud fija 00747nam a2200193 a 4500
001 - NÚMERO DE CONTROL
campo de control 000037158
005 - FECHA Y HORA DE LA ÚLTIMA TRANSACCIÓN
campo de control 20200930080158.0
008 - DATOS DE LONGITUD FIJA--INFORMACIÓN GENERAL
campo de control de longitud fija 120220 2003 mx 000 0 spa d
020 ## - NÚMERO INTERNACIONAL ESTÁNDAR DEL LIBRO
Número Internacional Estándar del Libro 9701865618
040 ## - FUENTE DE LA CATALOGACIÓN
Centro catalogador/agencia de origen DO-SdBNP
Lengua de catalogación spa
Centro/agencia transcriptor BNPHU
082 ## - NÚMERO DE LA CLASIFICACIÓN DECIMAL DEWEY
Número de clasificación xxxx
Número de documento/Ítem E79s
245 03 - MENCIÓN DE TÍTULO
Título La estadística de los servicios bibliotecarios.
260 ## - PUBLICACIÓN, DISTRIBUCIÓN, ETC.
Lugar de publicación, distribución, etc. México :
Nombre del editor, distribuidor, etc. Consejo Nacional Para la Cultura y las Artes, Dirección General de Bibliotecas,
Fecha de publicación, distribución, etc. 2003.
300 ## - DESCRIPCIÓN FÍSICA
Extensión 59 p. ;
Dimensiones 21 cm.
490 1# - MENCIÓN DE SERIE
Mención de serie Colección apoyo a la capacitación biblitecaria
-- Instructivos
500 ## - NOTA GENERAL
Nota general En la cubierta Red Nacional de Bibliotecas Públicas
500 ## - NOTA GENERAL
Nota general Segunda reimpresión de la tercera
830 #0 - PUNTO DE ACCESO ADICIONAL DE SERIE-TÍTULO UNIFORME
Título uniforme Colección apoyo a la capacitación biblitecaria
Nombre de parte o sección de la obra Instructivos
9 (RLIN) 63562
Existencias
Estado de retiro Estado de pérdida Restricciones de uso No para préstamo Código de colección Localización permanente Ubicación/localización actual Ubicación en estantería Fecha de adquisición Número de inventario Total de préstamos Signatura topográfica completa Código de barras Fecha visto por última vez Precio válido a partir de Tipo de ítem Koha
      Excluido de préstamo Monografías: Libros y Folletos General General En catalogación 20.02.2012 LF1   xxxx E79s 37158-10 25.06.2020 25.06.2020 No se presta

Con tecnología Koha